01016cam a2200289 a 450000100060000000300100000600500170001600700030003300800410003602000180007704000260009508200160012108400100013710000410014724501060018825000120029430000310030633600270033733700330036433800280039749000140042550000560043950000750049552100420057065000510061270000630066358415CO-BoRNBP20250822145240.0ta160531s2016 ck a gr 000 jdspa  a9789585937895 aCO-BoBNbspacCO-BoBN04aCo863.5223 aC VER1 aBernal Pinilla, Luis Darío,d1950-10aTodo bien, todo bien /cLuis Darío Bernal Pinilla ; [ilustraciones, Carlos Manuel Díaz Consuegra] a1a. ed. a180 p. :bil. byn ;c20 cm 2rdacontentatextobtxt 2rdamediaasin mediaciónbn 2rdacarrieravolumenbnc0 aNarrativa aContiene datos biográficos del autor e ilustrador a"Carlos "El Pibe" Valderrama, mejor futbolista de América"--Cubierta1 aPara niños de 12 años en adelante14aCuentos juveniles colombianosySiglo XXI2LEMB1 aDíaz Consuegra, Carlos Manuel,d1973-d1973-eilustrador